000 00920nam a2200265 a 4500
001 BRCA_7167
005 20190321142921.0
008 120112s19451946sp-#######---#000-0#spa-#
041 _aspa
044 _asp
050 4 _b.C43 1945-1946
245 1 0 _aCedulario Indiano
_crecopilado por Diego Encinas ; Estudio e índice por el Dr. Don Alfonso García Gallo.
260 _aMadrid
_bEdiciones Cultura Hispánica
_c1945-1946
300 _a4 v.
_c34 cm.
500 _aReproducción Facsimil de la edición única de 1596
500 _aEstado físico: camisas rotas
500 _aEjemplar intonso
500 _aO220
651 4 _aAmérica Latina
_vFuentes
_xHistoria
_ySiglo XVI
_917768
651 4 _aEspaña
_vAdministración
_xColonias
_ySiglo XVI
_zAmérica
_917769
700 1 _aEncinas, Diego de
_fca. 1525-ca. 1612
_ecomp.
_917770
700 1 _aGarcía Gallo, Alfonso
_eed.
_917771
902 _aGFM
942 _2lcc
_cB
999 _c6848
_d6848